|
|
|
|
| LEADER |
00000nam a2200000 a 4500 |
| 001 |
vtls008959545 |
| 003 |
SK-MaSNL |
| 005 |
20260301023034.0 |
| 008 |
240313s2006 xo f in 001 0 slo |
| 015 |
|
|
|a SNBA2007/06-02147
|
| 020 |
|
|
|a 8096962361
|q (viaz.)
|
| 035 |
|
|
|a urn:nbn:sk:snk-am0094ly
|
| 035 |
|
|
|a urn:nbn:sk:snk-am3hbn3
|
| 035 |
|
|
|a A21C59E3-EE0A-44D3-82D0-61115967464A
|
| 040 |
|
|
|a SNK
|b slo
|c SNK
|e AACR2
|
| 041 |
0 |
|
|a slo
|a cze
|b eng
|
| 043 |
|
|
|a e-xo---
|
| 044 |
|
|
|a xo
|c SK
|
| 072 |
|
7 |
|a 94(437.6)
|x Dejiny Slovenskej republiky
|2 konspekt
|
| 080 |
|
|
|a 94(437.6)
|2 2011
|
| 080 |
|
|
|a 323
|2 2011
|
| 080 |
|
|
|a 338.43
|2 2011
|
| 080 |
|
|
|a (048.8:082)
|2 2011
|
| 080 |
|
|
|a 321.64
|2 2011
|
| 100 |
1 |
|
|a Pešek, Jan,
|d 1949-
|4 aut
|9 85425
|
| 245 |
1 |
0 |
|a Kapitolami najnovších slovenských dejín
|b k 70. narodeninám PhDr. Michala Barnovského, DrSc.
|c Jan Pešek a kol.
|
| 250 |
|
|
|a [1. vyd.]
|
| 260 |
|
|
|a Bratislava
|b Prodama
|c 2006
|
| 300 |
|
|
|a 348 s.
|c 24 cm
|
| 500 |
|
|
|a Vyd. pre Historický ústav SAV
|
| 504 |
|
|
|a Bibliogr.: s. 329-334 ; reg.
|
| 546 |
|
|
|a Čiast. text v češ ; angl. res.
|
| 600 |
1 |
7 |
|a Barnovský, Michal,
|d 1937-2008
|2 SNKMA
|9 97763
|
| 648 |
|
7 |
|a 20. stor.
|2 SNKPH
|9 275975
|
| 650 |
0 |
7 |
|a vnútorná politika
|2 SNKPH
|9 970
|
| 650 |
0 |
7 |
|a poľnohospodárska politika
|2 SNKPH
|9 2210
|
| 650 |
0 |
7 |
|a totalitné režimy
|2 SNKPH
|9 4698
|
| 650 |
0 |
7 |
|a Internal policy
|2 SNKPHeng
|9 270122
|
| 650 |
0 |
7 |
|a Agriculture and state
|2 SNKPHeng
|9 314707
|
| 650 |
0 |
7 |
|a Totalitarian regimes
|2 SNKPHeng
|9 265798
|
| 651 |
|
7 |
|a Slovensko
|x dejiny
|2 SNKPHgeo
|9 13278
|
| 651 |
|
7 |
|a Slovakia
|x history
|2 SNKPHeng
|9 266841
|
| 655 |
|
7 |
|a kolektívne monografie
|2 SNKPH
|9 249850
|
| 655 |
|
7 |
|a Collective monographs
|2 SNKPHeng
|9 125747
|
| 700 |
1 |
|
|a Bystrický, Jozef,
|d 1950-
|4 aut
|9 115366
|
| 700 |
1 |
|
|a Gabzdilová, Soňa,
|d 1953-
|4 aut
|9 119973
|
| 700 |
1 |
|
|a Hlavová, Viera
|4 aut
|9 5019
|
| 700 |
1 |
|
|a Ivaničková, Edita,
|d 1948-
|4 aut
|9 213689
|
| 700 |
1 |
|
|a Kaplan, Karel,
|d 1928-2023
|4 aut
|9 228943
|
| 700 |
1 |
|
|a Leikert, Jozef,
|d 1955-
|4 aut
|9 92878
|
| 700 |
1 |
|
|a Londák, Miroslav,
|d 1961-
|4 aut
|9 104923
|
| 700 |
1 |
|
|a Londáková, Elena,
|d 1956-
|4 aut
|9 104921
|
| 700 |
1 |
|
|a Marušiak, Juraj,
|d 1970-
|4 aut
|9 110184
|
| 700 |
1 |
|
|a Michálek, Slavomír,
|d 1961-
|4 aut
|9 92938
|
| 700 |
1 |
|
|a Mikuličová, Ivanka,
|d 1950-
|4 aut
|9 37860
|
| 700 |
1 |
|
|a Olejník, Milan,
|d 1952-2024
|4 aut
|9 11754
|
| 852 |
|
|
|a Štátna vedecká knižnica v Banskej Bystrici
|
| 919 |
|
|
|a 80-969623-6-1
|
| 958 |
|
|
|a OND
|
| 958 |
|
|
|a NB
|
| 968 |
|
|
|d 93/94
|
| 999 |
|
|
|c 568421
|d 570351
|
| 952 |
|
|
|a SNK
|b SNK
|y VYP
|7 0
|p 17A0545818
|o snkSC 127382 D1
|i snk2007/8615
|8 0
|0 0
|1 0
|4 0
|d 2007-03-28
|l 0
|r 2026-02-23 14:05:31
|w 2026-02-23
|
| 952 |
|
|
|a SNK
|b SNK
|y PREZ
|7 0
|p 17A0545817
|o snkSC 127382
|i snk2007/8613
|8 0
|0 0
|1 0
|4 0
|d 2007-03-28
|f 1
|l 0
|r 2025-06-16 00:00:00
|w 2026-02-23
|